[Event "Dvorkovich Mem 2013"]
[Site "Taganrog RUS"]
[Date "2013.01.19"]
[Round "5.7"]
[White "Fedoseev,Vl3"]
[Black "Papin,V"]
[Result "0-1"]
[WhiteElo "2514"]
[BlackElo "2568"]

1.d4 Nf6 2.c4 e6 3.Nc3 Bb4 4.f3 c5 5.a3 Bxc3+ 6.bxc3 Nc6 7.d5 Na5 8.d6 Nxc4
9.e4 Qa5 10.Bxc4 Qxc3+ 11.Qd2 Qxc4 12.Ne2 b6 13.O-O Ba6 14.Rf2 Qd3 15.Qxd3 Bxd3
16.Nf4 Ba6 17.g4 O-O-O 18.Bb2 Ne8 19.Rd2 f6 20.Kf2 Kb7 21.e5 fxe5 22.Bxe5 Rf8
23.h4 Rf7 24.h5 Bb5 25.h6 gxh6 26.Rh1 Nf6 27.Rxh6 Rdf8 28.Rh3 Bc6 29.Ke3 Nd5+
30.Nxd5 exd5 31.f4 d4+ 32.Kf2 Rxf4+ 33.Bxf4 Rxf4+ 34.Ke1 Rxg4 35.Rxh7 c4
36.Re2 c3 37.Ree7 d3  0-1

[Event "73rd ch-ARM 2013"]
[Site "Yerevan ARM"]
[Date "2013.01.20"]
[Round "8.2"]
[White "Aghasaryan,R"]
[Black "Melkumyan,H"]
[Result "0-1"]
[WhiteElo "2443"]
[BlackElo "2656"]

1.d4 Nf6 2.c4 e6 3.Nc3 Bb4 4.f3 d5 5.a3 Bxc3+ 6.bxc3 c5 7.cxd5 exd5 8.e3 c4
9.g4 Nc6 10.Ne2 Na5 11.Bg2 Nb3 12.Ra2 Qa5 13.O-O Bd7 14.e4 dxe4 15.fxe4 Bxg4
16.Qe1 O-O-O 17.Qg3 h5 18.h3 h4 19.Qe3 Bd7 20.Qg5 Rh5 21.Qxa5 Rxa5 22.e5 Nd5
23.Bxd5 Rxd5 24.Rxf7 Nxc1 25.Nxc1 Rb5 26.Re2 g6 27.Rg7 Bf5 28.Re1 Ra5 29.Ne2 Rxa3
30.Nf4 Rxc3 31.d5 Rf3 32.Rf1 Rg3+ 33.Kh2 c3 34.d6 c2 35.Rc7+ Kb8 36.Ne2 Rxh3+
37.Kg2 Re3  0-1

[Event "Dvorkovich Mem 2013"]
[Site "Taganrog RUS"]
[Date "2013.01.22"]
[Round "8.11"]
[White "Belous,V"]
[Black "Demianjuk,A"]
[Result "1-0"]
[WhiteElo "2554"]
[BlackElo "2340"]

1.d4 Nf6 2.c4 e6 3.Nc3 Bb4 4.f3 d5 5.a3 Bxc3+ 6.bxc3 c5 7.cxd5 exd5 8.e3 c4
9.Ne2 Nc6 10.g4 Na5 11.Bg2 Nb3 12.Ra2 Bd7 13.O-O Bc6 14.Ng3 Qa5 15.Bd2 h5
16.g5 Nd7 17.e4 h4 18.Nf5 h3 19.Bh1 O-O-O 20.Bf4 Nf8 21.Ne7+ Kd7 22.exd5 Bxd5
23.Nxd5 Qxd5 24.Be5 f6 25.f4 Qe6 26.f5 Qb6 27.Bg3 Kc8 28.Qe2 Nxd4 29.cxd4 Qxd4+
30.Bf2 Qd3 31.Qxd3 Rxd3 32.Rc1 b5 33.a4 Rh5 34.axb5 Rxg5+ 35.Kf1  1-0

[Event "11th Gibraltar Masters"]
[Site "Caleta ENG"]
[Date "2013.01.24"]
[Round "3.51"]
[White "Sachdev,T"]
[Black "Baert,A"]
[Result "1-0"]
[WhiteElo "2403"]
[BlackElo "2154"]

1.d4 Nf6 2.c4 e6 3.Nc3 Bb4 4.f3 c5 5.d5 b5 6.e4 O-O 7.e5 Ne8 8.f4 d6 9.Nf3 exd5
10.Qxd5 Qc7 11.cxb5 Bb7 12.Qd1 dxe5 13.fxe5 Nd7 14.Bf4 Nef6 15.Be2 Nd5 16.Bd2 Nxe5
17.Nxd5 Bxd5 18.Nxe5 Qxe5 19.Bxb4 Bxg2 20.Rg1 Qxh2 21.Bxc5 Rad8 22.Qa4 Rfe8
23.Qg4 Rxe2+ 24.Qxe2 Qh4+ 25.Qf2 Qe4+ 26.Qe3 Qh4+ 27.Qf2 Qe4+ 28.Qe3 Qh4+
29.Ke2 Qh2 30.Bd6 Qh5+ 31.Kf2 Bd5 32.Rxg7+ Kh8 33.Rg5  1-0

[Event "18th HIT Open A 2013"]
[Site "Nova Gorica SLO"]
[Date "2013.01.26"]
[Round "3.18"]
[White "Zamar Kodelja,Jurij"]
[Black "Budihna,K"]
[Result "1/2-1/2"]
[WhiteElo "1783"]
[BlackElo "2057"]

1.d4 Nf6 2.c4 e6 3.Nc3 Bb4 4.f3 Bxc3+ 5.bxc3 d5 6.cxd5 exd5 7.e3 O-O 8.Bd3 Re8
9.Ne2 Nbd7 10.O-O Nf8 11.Ng3 Ng6 12.e4 dxe4 13.fxe4 c5 14.Bc2 Qc7 15.Bg5 Bg4
16.Qd2 Nd7 17.Bb3 c4 18.Bc2 f6 19.Bf4 Nxf4 20.Rxf4 Be6 21.Ba4 Rad8 22.Bxd7 Bxd7
23.Raf1 b5 24.d5 Re5 25.h4 Be8 26.Ne2 Bg6 27.Ng3 Rde8 28.Re1 Bf7 29.Rb1 a6
30.Kh2 Bg6 31.Re1 Qd6 32.Kh1 Rd8 33.Nf5 Qd7 34.Ng3 Qd6 35.Nf5  1/2-1/2

[Event "11th Gibraltar Masters"]
[Site "Caleta ENG"]
[Date "2013.01.28"]
[Round "7.15"]
[White "Gallagher,Jo"]
[Black "Zhao Xue"]
[Result "0-1"]
[WhiteElo "2499"]
[BlackElo "2554"]

1.d4 Nf6 2.c4 e6 3.Nc3 Bb4 4.f3 d5 5.a3 Bxc3+ 6.bxc3 c5 7.cxd5 Nxd5 8.dxc5 Qa5
9.e4 Nf6 10.Be3 O-O 11.Qb3 Qc7 12.Bb5 Nfd7 13.Qb4 Nc6 14.Qa4 Na5 15.Qb4 Nc6
16.Qa4 Na5 17.Qb4 Nb8 18.Ne2 e5 19.O-O Be6 20.Nd4 exd4 21.cxd4 Nbc6 22.Qc3 Ne7
23.Bf2 Rac8 24.Rfd1 Nb3 25.Rab1 b6 26.c6 Nxc6 27.d5 Nca5 28.Qxc7 Rxc7 29.dxe6 fxe6
30.Bg3 Rb7 31.Bd6 Rd8 32.Be5 Rxd1+ 33.Rxd1 Kf7 34.Rd8 Nc5 35.Bd6 Kg6 36.Be8+ Kf6
37.Bb5 e5 38.Re8 Ne6 39.g3 Kf7 40.Ra8 Nd4 41.Ba6 Nxf3+ 42.Kg2 Rd7 43.Rf8+ Kg6
44.Bb4 Nd4 45.Bc8 Rf7 46.Re8 Nc4 47.h4 a5 48.h5+ Kxh5 49.Bc3 Kh6 50.Ba6 Ne3+
51.Kh3 Nf3 52.Bxe5 Ng5+ 53.Kh2 Rf2+ 54.Kh1 Nf3 55.g4 Rg2 56.Bf4+ Kg6  0-1

[Event "11th Gibraltar Masters"]
[Site "Caleta ENG"]
[Date "2013.01.31"]
[Round "10.70"]
[White "Wemmers,X"]
[Black "Becham,Khalid"]
[Result "1-0"]
[WhiteElo "2349"]
[BlackElo "1929"]

1.d4 Nf6 2.c4 e6 3.Nc3 Bb4 4.f3 O-O 5.a3 Bxc3+ 6.bxc3 d6 7.e4 Nbd7 8.Bd3 c5
9.Ne2 Qc7 10.O-O b5 11.cxb5 c4 12.Bc2 a6 13.bxa6 Rxa6 14.a4 Bb7 15.Ba3 Rfa8
16.Nf4 Bc6 17.Bb4 Nb6 18.a5 Nbd7 19.Qd2 Nb8 20.Rae1 Bb7 21.e5 dxe5 22.dxe5 Nd5
23.Nh5 Qd8 24.Re4 Nc6 25.Rg4 g6 26.Qh6  1-0

[Event "TCh-SWE Elite 2012-13"]
[Site "Sweden SWE"]
[Date "2013.02.03"]
[Round "6"]
[White "Penalver,O"]
[Black "Alwaeli,Looay"]
[Result "1-0"]
[WhiteElo "2267"]
[BlackElo "1833"]

1.d4 Nf6 2.c4 e6 3.Nc3 Bb4 4.f3 d5 5.a3 Bxc3+ 6.bxc3 O-O 7.cxd5 exd5 8.e3 Nh5
9.g3 Re8 10.Bg2 b6 11.Ne2 Ba6 12.O-O f5 13.e4 Nc6 14.e5 g6 15.Rf2 Ng7 16.g4 Bxe2
17.Qxe2 Qd7 18.Bh6 Rf8 19.Bh3 f4 20.Qd2 Na5 21.Re1 Nc4 22.Qc1 Rae8 23.Bxf4 Qe7
24.Bh6 Qxa3 25.Qxa3 Nxa3 26.Ra1 Nb5 27.Bf1 c6 28.Bxb5 cxb5 29.Rxa7 Rf7 30.Rxf7 Kxf7
31.Bxg7 Kxg7 32.Rb2 Rc8 33.Rxb5 Rxc3 34.Kg2 Rd3 35.Rxd5 b5 36.Rd7+ Kg8 37.e6 b4
38.Rd8+ Kg7 39.e7  1-0

[Event "35th Georgi Tringov Open"]
[Site "Plovdiv BUL"]
[Date "2013.02.07"]
[Round "6.15"]
[White "Tsakiris,H"]
[Black "Enchev,I"]
[Result "0-1"]
[WhiteElo "2154"]
[BlackElo "2441"]

1.d4 Nf6 2.c4 e6 3.Nc3 Bb4 4.f3 d5 5.a3 Bxc3+ 6.bxc3 c6 7.e3 b6 8.cxd5 cxd5
9.Bd3 O-O 10.Ne2 Ba6 11.Bxa6 Nxa6 12.Qd3 Nb8 13.e4 h6 14.e5 Nfd7 15.h4 Nc6
16.g4 f6 17.g5 fxg5 18.hxg5 Ncxe5 19.dxe5 Nxe5 20.Qc2 Nxf3+ 21.Kd1 d4 22.Qg6 dxc3+
23.Kc2 Qd7 24.a4 Ne5 25.Qe4 Qd5 26.Qxd5 exd5 27.Kxc3 Rac8+ 28.Kd4 Nc6+ 29.Kxd5 Nb4+
30.Ke6 Rc6+ 31.Ke5 Re8+ 32.Kf5 Rxe2 33.gxh6 Nc2 34.h7+ Kh8 35.Rb1 Nd4+ 36.Kf4 Rf6+
37.Kg3 Rf3+ 38.Kh4 Re4+ 39.Kh5 Rf5+ 40.Bg5 Kxh7  0-1

[Event "Moscow Open F 2013"]
[Site "Moscow RUS"]
[Date "2013.02.10"]
[Round "9.1"]
[White "Belous,V"]
[Black "Reshetnikov,Al"]
[Result "1/2-1/2"]
[WhiteElo "2553"]
[BlackElo "2508"]

1.d4 Nf6 2.c4 e6 3.Nc3 Bb4 4.f3 O-O 5.a3 Bxc3+ 6.bxc3 Nh5 7.Nh3 f5 8.Bg5 Qe8
9.g4 Nf6 10.gxf5 exf5 11.Rg1 Kh8 12.Nf4 d6 13.Qd3 Nc6 14.e3 Nd8 15.Ra2 Nh5
16.Nxh5 Qxh5 17.Rag2 Ne6 18.d5 Nxg5 19.Rxg5 Qh4+ 20.R1g3 Rf7 21.f4 Bd7 22.Qd4 Qh6
23.Be2 b6 24.Bh5 Re7 25.Rh3 Re4 26.Qd3 Rf8 27.Kf2 Re7 28.Rgg3 Qf6 29.Bg6 h6
30.Bh5 Be8 31.Bf3 Kg8 32.Qd4 Kh7 33.Rg1 Ba4 34.Rhg3 Be8 35.Ke2 Qxd4 36.cxd4 g5
37.Kd2 g4 38.Be2 h5 39.Bd3 Kh6 40.h4 Kg6 41.Rc1 Kf6 42.Rgg1 Bf7 43.Rb1 Rc8
44.Rgc1 Be8 45.a4 Bf7 46.Bf1 c6 47.dxc6 Rxc6 48.a5 bxa5 49.Rb5 Rb6 50.c5 dxc5
51.Rcxc5 Rxb5 52.Rxb5 a4 53.Bd3 Be6 54.d5 Bd7 55.Ra5 Rg7 56.Ke2  1/2-1/2

[Event "Novy Bor Open A 2013"]
[Site "Novy Bor CZE"]
[Date "2013.02.15"]
[Round "8"]
[White "Kucera,P3"]
[Black "Dambrauskas,V"]
[Result "1/2-1/2"]
[WhiteElo "2235"]
[BlackElo "2321"]

1.d4 Nf6 2.c4 e6 3.Nc3 Bb4 4.f3 d5 5.a3 Be7 6.e3 O-O 7.cxd5 exd5 8.Bd3 c5
9.Nge2 Nc6 10.dxc5 Bxc5 11.b4 Bb6 12.Nb5 a5 13.bxa5 Bxa5+ 14.Kf2 Ne5 15.Bb2 Re8
16.Bd4 Nc6 17.Bb2 Qe7 18.Bc1 Qe5 19.Rb1 Bf5 20.Nbd4 Bxd3 21.Qxd3 Qe7 22.Qb5 Ne5
23.Rd1 Nc4 24.Nf5 Qc7 25.Qxb7 Qxh2 26.Neg3 g6 27.Rh1 Qxh1 28.Nxh1 gxf5 29.Ng3 f4
30.Nf5 fxe3+ 31.Bxe3 Nxe3 32.Nxe3 Bd2 33.Nf5 Bf4 34.Qc6 Bg5 35.Rb3 Rad8 36.Qc7 Nh5
37.Rb7 Rf8 38.Qh2 Nf4 39.Qg3 f6 40.Qh2 h5 41.g3 Rb8 42.gxf4 Rxb7 43.Qxh5 Bxf4
44.Qg4+ Bg5 45.f4 Rb2+ 46.Ke1 Re8+ 47.Kd1 Ree2 48.fxg5 Rbd2+  1/2-1/2

[Event "US Amateur Team East 2013"]
[Site "Parsippany USA"]
[Date "2013.02.16"]
[Round "2"]
[White "Itkis,H"]
[Black "Mc Entee,T"]
[Result "1-0"]
[WhiteElo "2022"]
[BlackElo "2131"]

1.d4 Nf6 2.c4 e6 3.Nc3 Bb4 4.f3 O-O 5.e4 d6 6.Be3 Nc6 7.a3 Bxc3+ 8.bxc3 e5
9.Bd3 Na5 10.Ne2 Nd7 11.Qa4 b6 12.O-O c5 13.d5 Nf6 14.Ng3 Ne8 15.Qd1 Ba6
16.Qe2 Qd7 17.a4 Kh8 18.f4 f6 19.Rf3 Rf7 20.Nf1 g6 21.f5 gxf5 22.Rxf5 Ng7
23.Rf2 f5 24.exf5 Nxf5 25.Bg5 Raf8 26.Qg4 Qc8 27.Nd2 Ng7 28.Qe4 Ne8 29.Bh6 Kg8
30.Qxh7+  1-0

[Event "e2e4 Brighton Masters 2013"]
[Site "Brighton ENG"]
[Date "2013.02.17"]
[Round "2"]
[White "Gormally,D"]
[Black "Croad,N"]
[Result "1-0"]
[WhiteElo "2500"]
[BlackElo "2259"]

1.d4 Nf6 2.c4 e6 3.Nc3 Bb4 4.f3 O-O 5.a3 Bxc3+ 6.bxc3 Ne8 7.Nh3 b6 8.e4 Ba6
9.Bd3 Nc6 10.Qe2 Na5 11.Rb1 c5 12.dxc5 bxc5 13.O-O e5 14.f4 d6 15.f5 f6 16.g4 h6
17.Nf2 Rb8 18.Rxb8 Qxb8 19.Nd1 Qb3 20.Ne3 Rf7 21.h4 d5 22.Nxd5 Bxc4 23.g5 hxg5
24.hxg5 fxg5 25.Bxg5 Nf6 26.Bxf6 gxf6 27.Ne3 Rg7+ 28.Kf2 Bxd3 29.Qxd3 Qb2+
30.Nc2 Qb6 31.Qd5+ Kf8 32.Rh1 Nb7 33.Rh8+ Ke7 34.Rb8  1-0

[Event "Reykjavik Open 2013"]
[Site "Reykjavik ISL"]
[Date "2013.02.19"]
[Round "1.8"]
[White "Ragnarsson,J"]
[Black "Eljanov,P"]
[Result "0-1"]
[WhiteElo "2046"]
[BlackElo "2678"]

1.d4 Nf6 2.c4 e6 3.Nc3 Bb4 4.f3 c5 5.d5 d6 6.e4 O-O 7.Bg5 exd5 8.cxd5 Nbd7
9.Nh3 h6 10.Bh4 Ne5 11.Nf2 Ng6 12.Bxf6 Qxf6 13.Rc1 Nh4 14.Nd3 Ba5 15.Kf2 c4
16.Ne1 Bb6+ 17.Ke2 Re8 18.Kd2 Nf5 19.Nc2 Qg5+ 20.Ke2 Nh4 21.Qd2 Qh5 22.Ne1 f5
23.Kd1 fxe4 24.Nxe4 Rxe4 25.g4 Nxf3  0-1

[Event "Moscow Gov Cup A Rapid"]
[Site "Moscow RUS"]
[Date "2013.02.20"]
[Round "8.5"]
[White "Khruschiov,A"]
[Black "Grigoriants,S RUS"]
[Result "1-0"]
[WhiteElo "2431"]
[BlackElo "2590"]

1.d4 Nf6 2.c4 e6 3.Nc3 Bb4 4.f3 d5 5.a3 Be7 6.cxd5 exd5 7.Bg5 O-O 8.e3 Re8
9.Bd3 h6 10.Bh4 c5 11.Nge2 Nc6 12.O-O Be6 13.Kh1 Rc8 14.Qd2 cxd4 15.Nxd4 Nxd4
16.exd4 a6 17.Rad1 Nh5 18.Bxe7 Qxe7 19.Bb1 Qh4 20.Rfe1 Nf6 21.g3 Qh5 22.Qd3 Bh3
23.Kg1 Qg5 24.f4 Rxe1+ 25.Rxe1 Qg4 26.Nxd5 Kf8 27.Nxf6 gxf6 28.Qh7 Qg7 29.Qe4 Qg4
30.Qxb7 Kg7 31.Qe4 f5 32.Qd3 Qg6 33.b4 Qc6 34.Qd2 Qf3 35.Bd3 Rc3 36.Bxa6 Rxa3
37.Bc4 Qc6 38.Qb2 Kh7 39.b5 Qf3 40.Qf2 Qc3 41.Bf1 Bxf1 42.Rxf1 Rb3 43.Re1 Rb2
44.Re2 Rxb5 45.Kg2 Rd5 46.Rd2 Qa5 47.Qe3 Rd6 48.Kh3 Re6 49.Qf2 Qd5 50.Qg2 Re4
51.Qf3 Kg6 52.Qc3 Re6 53.Qd3 Re4 54.Qb1 Re3 55.Qd1 Re4 56.Qf3 Kg7 57.Qh5 Rxd4
58.Rxd4 Qxd4 59.Qxf5 Qf2 60.Qe5+ Kg8 61.Qd5 Qe2 62.Qe5 Qf3 63.Qf5 Qf2 64.Qe4 Kg7
65.Qe5+ Kg8 66.Qe4 Kg7 67.Qg2 Qd4 68.Qe2 Qg1 69.Kg4 Qb6 70.Qe5+ Kg8 71.f5 Qd8
72.f6 Qd1+ 73.Kh4 Qd7 74.h3 Qc8 75.Qe4  1-0

[Event "Moscow Gov Cup A Rapid"]
[Site "Moscow RUS"]
[Date "2013.02.20"]
[Round "10.2"]
[White "Khruschiov,A"]
[Black "Balashov,Y"]
[Result "1/2-1/2"]
[WhiteElo "2431"]
[BlackElo "2481"]

1.d4 Nf6 2.c4 e6 3.Nc3 Bb4 4.f3 c5 5.d5 O-O 6.e4 d6 7.Ne2 Re8 8.a3 Ba5 9.Rb1 exd5
10.cxd5 a6 11.Ng3 b5 12.b4 cxb4 13.axb4 Bb6 14.Bg5 h6 15.Bf4 Nbd7 16.Bxd6 Ne5
17.Bc5 Nfd7 18.Bxb6 Qxb6 19.Nf5 Nf6 20.Qd4 Qd8 21.Ne3 Nh5 22.Be2 Qh4+ 23.Kd2 Qf6
24.Kc2 Nf4 25.Rhd1 Bd7 26.Bf1 g5 27.g3 Nfg6 28.Be2 Rac8 29.Rb3 Bh3 30.Kb1 Qd6
31.Nf5 Qf6 32.Nxh6+ Kh7 33.Nf5 Bxf5 34.exf5 Qxf5+ 35.Ne4 Red8 36.d6 Nc4 37.Qf6 Qxf6
38.Nxf6+ Kg7 39.d7 Rc6 40.Ne4 Nce5 41.Nxg5 Rxd7 42.Rxd7 Nxd7 43.f4 Nf6 44.Kb2 Ne7
45.Rc3 Rd6 46.Rd3 Rxd3 47.Bxd3 Nfd5 48.Kb3 Nc6 49.Ne4 Ndxb4 50.Bf1 Nd5 51.Nc5 a5  1/2-1/2

[Event "Reykjavik Open 2013"]
[Site "Reykjavik ISL"]
[Date "2013.02.20"]
[Round "2.70"]
[White "Michel,Steve"]
[Black "Holm,Fridgeir K"]
[Result "1-0"]
[WhiteElo "2008"]
[BlackElo "1733"]

1.d4 Nf6 2.c4 e6 3.Nc3 Bb4 4.f3 d5 5.a3 Bxc3+ 6.bxc3 O-O 7.e3 Nc6 8.Qc2 e5
9.cxd5 Nxd5 10.e4 Nf4 11.dxe5 Ng6 12.f4 Qe7 13.Be3 Kh8 14.Nf3 Bg4 15.Be2 Bxf3
16.Bxf3 f6 17.exf6 Qxf6 18.g3 Qe6 19.O-O Qe7 20.e5 Qe6 21.Be4 Rae8 22.Rab1 Ncxe5
23.Bxb7 Nc4 24.Bc5 Rf5 25.Rfe1 Qxe1+ 26.Rxe1 Rxe1+ 27.Kf2 Ree5 28.Be4 Rf6
29.Bd4 Nxf4 30.Bxe5 Nd3+ 31.Kg1 Ndxe5 32.Qa4 c6 33.Qxa7 g6 34.a4 Rf7 35.Qb8+ Kg7
36.a5 Nd7 37.Qb4 Nde5 38.a6 Ne3 39.Bg2 Rd7 40.Qa4 Rd2 41.Bxc6 N5g4 42.a7 Nf2
43.Bd7  1-0

[Event "Reykjavik Open 2013"]
[Site "Reykjavik ISL"]
[Date "2013.02.21"]
[Round "4.99"]
[White "Traustason,I"]
[Black "Stefansson,Vignir Vatnar"]
[Result "0-1"]
[WhiteElo "1840"]
[BlackElo "1652"]

1.d4 Nf6 2.c4 e6 3.Nc3 Bb4 4.f3 c5 5.e3 O-O 6.Bd3 d5 7.Ne2 Nc6 8.O-O Bd7
9.Kh1 Rc8 10.cxd5 exd5 11.a3 Bxc3 12.bxc3 c4 13.Bc2 Re8 14.Ng3 h5 15.Nf5  0-1

[Event "33rd TCh-IND 2013"]
[Site "Hyderabad IND"]
[Date "2013.02.23"]
[Round "4.1"]
[White "Akshat,Kh"]
[Black "Lalith,B"]
[Result "0-1"]
[WhiteElo "2383"]
[BlackElo "2559"]

1.d4 Nf6 2.c4 e6 3.Nc3 Bb4 4.f3 d5 5.a3 Bxc3+ 6.bxc3 O-O 7.cxd5 exd5 8.e3 Bf5
9.Ne2 Re8 10.Ng3 Bg6 11.Bd3 c5 12.O-O Nc6 13.Ra2 Rc8 14.Re2 Qb6 15.Bb2 Na5
16.Rfe1 Re7 17.Nf5 Rec7 18.g4 Rd8 19.a4 h5 20.g5 Bxf5 21.Bxf5 Nd7 22.Bb1 Nc4
23.Ba1 Nf8 24.Qd3 g6 25.f4 Nd6 26.Ba2 c4 27.Qc2 Ne6 28.Bb2 Ng7 29.Ba3 Ne4
30.Bb1 Nf5 31.Qc1 Re8 32.Bxe4 Rxe4 33.Bc5 Qe6 34.Bxa7 Rc8 35.Qb2 Nxe3 36.Qxb7 Qg4+
37.Kh1 Rce8  0-1

[Event "29th Open"]
[Site "Cappelle la Grande FRA"]
[Date "2013.02.25"]
[Round "3.188"]
[White "Labadie,JJ"]
[Black "Wille,F"]
[Result "1-0"]
[WhiteElo "1963"]
[BlackElo "1596"]

1.d4 Nf6 2.c4 e6 3.Nc3 Bb4 4.f3 d5 5.a3 Bxc3+ 6.bxc3 h6 7.e3 O-O 8.Bd3 b6
9.Ne2 Re8 10.O-O Nc6 11.e4 Na5 12.cxd5 exd5 13.e5 Nh7 14.Ng3 Be6 15.f4 c5
16.f5 Bd7 17.f6 g5 18.Qh5 Nf8 19.Qxh6  1-0

[Event "29th Open"]
[Site "Cappelle la Grande FRA"]
[Date "2013.02.25"]
[Round "3.81"]
[White "Van Vliet,D"]
[Black "Nemcova,Kat"]
[Result "0-1"]
[WhiteElo "2068"]
[BlackElo "2368"]

1.d4 Nf6 2.c4 e6 3.Nc3 Bb4 4.f3 O-O 5.a3 Bxc3+ 6.bxc3 Nh5 7.Nh3 f5 8.e3 Nc6
9.Bd3 b6 10.O-O Ba6 11.e4 f4 12.e5 Na5 13.Qe2 Qe7 14.a4 Rac8 15.Re1 Rf7 16.Nf2 g6
17.Ba3 Qh4 18.Ne4 Ng3 19.hxg3 fxg3 20.Nxg3 Qxg3 21.Bb4 Rf4 22.Bxa5 bxa5 23.Qf2 Qg5
24.Rad1 Rcf8 25.Kf1 Bb7 26.Re3 Rg4 27.Rd2 Rxg2 28.Qxg2 Qxe3  0-1

[Event "29th Open"]
[Site "Cappelle la Grande FRA"]
[Date "2013.02.27"]
[Round "6.102"]
[White "Lokander,M"]
[Black "Berkovich,M"]
[Result "0-1"]
[WhiteElo "2231"]
[BlackElo "2354"]

1.d4 Nf6 2.c4 e6 3.Nc3 Bb4 4.f3 d5 5.a3 Be7 6.e4 dxe4 7.fxe4 e5 8.d5 O-O
9.Nf3 Ng4 10.Bd3 Bc5 11.Na4 Bf2+ 12.Ke2 Bd4 13.Rf1 Bd7 14.h3 Nf6 15.Bg5 Qe8
16.Nxd4 Bxa4 17.b3 Nxe4 18.Bxe4 exd4 19.Kd3 Nd7 20.Re1 Nc5+ 21.Kxd4 Nxb3+
22.Kc3 Qe5+ 23.Kb4 Qxg5  0-1

[Event "29th Open"]
[Site "Cappelle la Grande FRA"]
[Date "2013.02.27"]
[Round "6.17"]
[White "Timofeev,Arty"]
[Black "Lalic,B"]
[Result "0-1"]
[WhiteElo "2613"]
[BlackElo "2478"]

1.d4 Nf6 2.c4 e6 3.Nc3 Bb4 4.f3 d5 5.a3 Bxc3+ 6.bxc3 c5 7.cxd5 exd5 8.e3 Qc7
9.Ne2 Nc6 10.Ng3 O-O 11.Bd3 Be6 12.O-O Rac8 13.Bb2 Rfd8 14.Qe1 a6 15.Rd1 b5
16.Qf2 Qb6 17.Nf5 Bxf5 18.Bxf5 Rc7 19.e4 cxd4 20.cxd4 Ne7 21.Bh3 dxe4 22.fxe4 Nxe4
23.Qxf7+ Kh8 24.Qe6 Nd6 25.Kh1 Ng6 26.d5 Re7 27.Qg4 Nc4 28.Bd4 Qd6 29.Qg5 Nxa3
30.Bf5 Rde8 31.Bxg6 hxg6 32.Rd3 Kg8 33.Rh3 Rf7 34.Ra1 Rf5 35.Rh8+ Kf7 36.Qh4 Qf4
37.Qxf4 Rxf4 38.Bxg7 Rxh8 39.Bxh8 Nc2 40.Rc1 Ne3 41.Kg1 Nxd5 42.Rc6 Ne3 43.h3 Rf1+
44.Kh2 Rf2 45.Rc7+ Kg8 46.Be5 Rxg2+ 47.Kh1 Rg5 48.Bd4 Nc4 49.Kh2 a5 50.h4 Rd5
51.Ba1 Kf8 52.Kg3 Nd6 53.Kf4 Ke8 54.Rg7 Rf5+ 55.Kg4 Rf1 56.Be5 Nf7 57.Bg3 Nh6+
58.Kg5 Nf5 59.Ra7 Nxg3 60.Rxa5 Rf5+ 61.Kxg6 b4 62.Ra8+ Kd7 63.Rb8 Rf4 64.Kg5 Rc4
65.h5 Kc7 66.Rb5 Kc6 67.Rxb4 Rxb4 68.h6 Ne4+ 69.Kg6 Nd6 70.h7 Rh4  0-1

[Event "29th Open"]
[Site "Cappelle la Grande FRA"]
[Date "2013.03.01"]
[Round "8.26"]
[White "Timofeev,Arty"]
[Black "Caprio,G"]
[Result "1-0"]
[WhiteElo "2613"]
[BlackElo "2402"]

1.d4 Nf6 2.c4 e6 3.Nc3 Bb4 4.f3 O-O 5.a3 Bxc3+ 6.bxc3 Ne8 7.e4 b6 8.Bd3 Ba6
9.f4 Nc6 10.Nf3 Na5 11.Qe2 c5 12.d5 f5 13.e5 d6 14.dxe6 g6 15.O-O Ng7 16.Be3 Nxe6
17.Rad1 Qe8 18.exd6 Rd8 19.Rfe1 Rxd6 20.Bf2 Qb8 21.Qe5 Nc6 22.Qe3 Re8 23.Ng5 Nc7
24.Qh3 Rxe1+ 25.Rxe1 Rd7 26.Be4 Na5 27.Bd5+ Nxd5 28.cxd5 Nc4 29.Bh4 Bb7 30.Ne4  1-0

[Event "20th Bunratty Masters"]
[Site "Bunratty IRL"]
[Date "2013.03.02"]
[Round "4.15"]
[White "Moynihan,K"]
[Black "Doyle,H"]
[Result "1/2-1/2"]
[WhiteElo "2179"]
[BlackElo "1920"]

1.d4 Nf6 2.c4 e6 3.Nc3 Bb4 4.f3 b6 5.e4 Ba6 6.Bd3 Nc6 7.a3 Bxc3+ 8.bxc3 Na5
9.Ne2 Bxc4 10.Bxc4 Nxc4 11.O-O O-O 12.g4 d5 13.Ng3 c5 14.Bg5 h6 15.Bc1 cxd4
16.cxd4 Nh7 17.e5 b5 18.f4  1/2-1/2

[Event "FSIM March 2013"]
[Site "Budapest HUN"]
[Date "2013.03.07"]
[Round "5.2"]
[White "Bai,Jinshi"]
[Black "Petran,Pa"]
[Result "1/2-1/2"]
[WhiteElo "2236"]
[BlackElo "2320"]

1.d4 Nf6 2.c4 e6 3.Nc3 Bb4 4.f3 O-O 5.e4 d5 6.cxd5 exd5 7.e5 Nfd7 8.f4 c5
9.Nf3 Nc6 10.a3 Ba5 11.Be3 cxd4 12.Nxd4 Ndb8 13.b4 Bb6 14.Be2 f6 15.exf6 Re8
16.Bf2 Bg4 17.Nxc6 bxc6 18.O-O Bxe2 19.Nxe2 Qxf6 20.Nd4 Nd7 21.Rc1 Rac8  1/2-1/2

[Event "13th European Seniors"]
[Site "Plovdiv BUL"]
[Date "2013.03.12"]
[Round "2"]
[White "Yakimenko,Alex"]
[Black "Rooze,J"]
[Result "1-0"]
[WhiteElo "2196"]
[BlackElo "2369"]

1.d4 Nf6 2.c4 e6 3.Nc3 Bb4 4.f3 O-O 5.a3 Bxc3+ 6.bxc3 Ne8 7.e4 b6 8.Bd3 Nc6
9.Ne2 Ba6 10.c5 Bxd3 11.Qxd3 bxc5 12.dxc5 f5 13.O-O fxe4 14.Qxe4 Nf6 15.Qa4 Qe7
16.Be3 Nd5 17.Bf2 Qg5 18.Qe4 Rf5 19.Ng3 Rf4 20.Qc2 Rc4 21.Ne4 Qg6 22.Qd2 Rf8
23.Bg3 Nce7 24.Qe2 Rxc3 25.Nxc3 Nxc3 26.Qc4 Ncd5 27.Rfe1 Nf5 28.Bf2 c6 29.Rab1 Nfe3
30.Bxe3 Nxe3 31.Qe2 Nc2 32.Red1 Nd4 33.Qd3 Nxf3+ 34.Kh1 Ne1 35.Qe2 Nc2 36.Qd3 Ne1
37.Qe2 Nc2 38.Rb7 Qf5 39.h3 Kh8 40.Rdxd7 Rg8 41.Qd3 Qf2 42.Qf3 Qe1+ 43.Kh2 Ne3
44.Rf7 Nf5 45.Qf4 Qc3 46.Rxa7 Qxc5 47.a4 h6 48.a5 Kh7 49.Rfd7 Rf8 50.a6 Kg8
51.Rab7  1-0

[Event "Karpos Open 2013"]
[Site "Skopje MKD"]
[Date "2013.03.12"]
[Round "5.1"]
[White "Berkes,F"]
[Black "Yemelin,V"]
[Result "0-1"]
[WhiteElo "2702"]
[BlackElo "2574"]

1.d4 Nf6 2.c4 e6 3.Nc3 Bb4 4.f3 c5 5.d5 O-O 6.e4 d6 7.Ne2 b5 8.Nf4 e5 9.Ne2 Nh5
10.g4 Qh4+ 11.Kd2 Nf4 12.Nxf4 exf4 13.Kc2 Bxc3 14.bxc3 b4 15.Bxf4 Bd7 16.Qd3 Ba4+
17.Kd2 Nd7 18.Be2 f5 19.exf5 Rae8 20.Rae1 Ne5 21.Bxe5 Rxe5 22.f4 Rfe8 23.Rhf1 Re4
24.g5 Qxh2 25.Qf3 bxc3+ 26.Kd3 Re3+ 27.Qxe3 Bc2+ 28.Kxc3 Rxe3+ 29.Kd2 Re8  0-1

[Event "13th European Seniors"]
[Site "Plovdiv BUL"]
[Date "2013.03.14"]
[Round "4"]
[White "Yakimenko,Alex"]
[Black "Rajkovic,Du"]
[Result "0-1"]
[WhiteElo "2196"]
[BlackElo "2420"]

1.d4 Nf6 2.c4 e6 3.Nc3 Bb4 4.f3 d5 5.a3 Bxc3+ 6.bxc3 c5 7.e3 O-O 8.cxd5 Nxd5
9.Ne2 f5 10.g3 Nc6 11.Bg2 cxd4 12.cxd4 Qa5+ 13.Kf2 Qa6 14.Nf4 Nxf4 15.gxf4 Ne7
16.Bf1 Qb6 17.Bd2 Nd5 18.Rb1 Qd8 19.h4 b6 20.Be2 Bb7 21.Qb3 Rc8 22.Kg3 Rf6
23.Rbc1 Rxc1 24.Bxc1 Rg6+ 25.Kf2 Rh6 26.Kg3 Qc7 27.Qc4 Qb8 28.Kf2 Qd8 29.Kg3 Rg6+
30.Kf2 Rf6 31.Bd2 Rf7 32.Qa4 Nf6 33.Kg3 Bd5 34.Rc1 h6 35.Qa6 Rc7 36.Rxc7 Qxc7
37.Kf2 Nh5 38.Qb5 Qe7 39.Ke1 Qxh4+ 40.Kd1 Qh1+ 41.Kc2 Ng3 42.Bd1 Bxf3 43.Qe8+ Kh7
44.Bxf3 Qxf3 45.Qxe6 Qe4+ 46.Qxe4 Nxe4 47.Be1 g5 48.fxg5 hxg5 49.Kd3 Kg6
50.Kc4 g4 51.Kb5 g3 52.Bxg3 Nxg3 53.d5 Ne4 54.Ka6 Nf6 55.d6 Kf7 56.Kxa7 Ke6
57.Kxb6 Kxd6 58.a4 Nd5+ 59.Kb7 Nxe3 60.a5 Nd5  0-1

[Event "13th European Seniors"]
[Site "Plovdiv BUL"]
[Date "2013.03.18"]
[Round "8"]
[White "Yakimenko,Alex"]
[Black "Butnorius,A"]
[Result "0-1"]
[WhiteElo "2196"]
[BlackElo "2398"]

1.d4 Nf6 2.c4 e6 3.Nc3 Bb4 4.f3 d5 5.a3 Be7 6.e4 dxe4 7.d5 e5 8.fxe4 Ng4
9.Nh3 a5 10.Be2 h5 11.O-O Ra6 12.Kh1 Rg6 13.b4 Bh4 14.Qd3 Na6 15.Rb1 b6 16.Bd2 axb4
17.axb4 O-O 18.Nb5 c5 19.Na7 Nxb4 20.Bxb4 cxb4 21.Nc6 Qc7 22.g3 Bf6 23.Nf2 Nxf2+
24.Rxf2 h4 25.Rg1 Bd7 26.Rxf6 Rxf6 27.Ne7+ Kh7 28.gxh4 Qd6 29.Nf5 Bxf5 30.exf5 b3
31.Qxb3 e4 32.Qe3 Qe5 33.Bf3 Re8 34.Re1 Rh6 35.h5 Kg8 36.Bg4 b5 37.cxb5 Qxd5
38.b6 Qc6 39.Rb1 Rb8 40.h3 Rxb6 41.Rxb6 Qxb6 42.Qxe4 Rc6 43.Kg2 Rc1 44.Be2 Qg1+
45.Kf3 Qh1+ 46.Kf4 Qh2+ 47.Kg5 Rg1+ 48.Bg4 Qd2+ 49.Kh4 Qd8+  0-1

[Event "TCh-CZE Extraliga 2012-13"]
[Site "Czech Republic CZE"]
[Date "2013.03.23"]
[Round "7.4"]
[White "Biolek,R2"]
[Black "Hracek,Z"]
[Result "0-1"]
[WhiteElo "2449"]
[BlackElo "2615"]

1.d4 Nf6 2.c4 e6 3.Nc3 Bb4 4.f3 c5 5.d5 O-O 6.e4 d6 7.Ne2 b5 8.a3 Ba5 9.Ng3 Re8
10.Kf2 bxc4 11.Bxc4 Ba6 12.Bxa6 Nxa6 13.dxe6 fxe6 14.Re1 c4 15.Be3 Rb8 16.Rb1 Nc5
17.Bxc5 dxc5 18.Nge2 Nd7 19.Qa4 Ne5 20.Kg1 Bxc3 21.Nxc3 Qd4+ 22.Kh1 Nd3 23.Re2 Nf2+
24.Rxf2 Qxf2 25.h3 Re7 26.Qxc4 Rxb2 27.Rxb2 Qxb2 28.Qxc5 Qc1+ 29.Kh2 Qf4+
30.Kh1 Qc1+ 31.Kh2 Qf4+ 32.Kh1 Rc7 33.Qd4 Qc1+ 34.Nd1 Kf7 35.e5 Ke8 36.Qg1 Qd2  0-1

[Event "44th Marcel Duchamp"]
[Site "Buenos Aires ARG"]
[Date "2013.03.24"]
[Round "2.1"]
[White "Goyeneche,Roberto"]
[Black "Mareco,S"]
[Result "0-1"]
[WhiteElo "2136"]
[BlackElo "2580"]

1.d4 Nf6 2.c4 e6 3.Nc3 Bb4 4.f3 c5 5.d5 O-O 6.e4 d6 7.Bd3 Nbd7 8.Ne2 Ne5
9.O-O Re8 10.Bg5 h6 11.Bh4 Ng6 12.Bf2 a6 13.Qd2 exd5 14.cxd5 Bd7 15.Rad1 b5
16.a3 Ba5 17.Ng3 Rb8 18.Qc1 Ne5 19.Bb1 b4 20.axb4 cxb4 21.Nce2 Ba4 22.Nf5 Rc8
23.Qf4 Bxd1 24.Rxd1 Bb6 25.Ned4 Bc5 26.Nxh6+ gxh6 27.Qxh6 Bxd4 28.Bxd4 Rc4
29.Bf2 Nh7 30.b3 Rc3 31.Bh4 Qb6+ 32.Bf2 Qc7 33.Bd4 Rc8 34.Bxc3 bxc3 35.Bc2 Qb6+
36.Kf1 Kh8 37.h3 Rg8 38.Qf4 Rg6 39.h4 Ng4 40.Ke2 Qf2+ 41.Kd3 Ne5+ 42.Kxc3 Rxg2
43.Rd2 Qc5+ 44.Kb2 Rg1 45.h5 a5 46.h6 a4 47.Qh2 a3+ 48.Ka2 Ra1+  0-1